000 01414cam a22003011i 4500
003 SA_RiAUC
005 20241215055442.0
008 241212s2008____su g b 000 0bara c
020 _a9960520811
040 _aSA-MaBBL
_bara
_cSA-RiAUC
_erda
082 0 4 _a239.9
090 _a239.9
_bح م ا
100 1 _aحماد، عاطف بن عبد الوهاب
_eمؤلف.
245 1 0 _aجامع الآثار القولية والفعلية الصحيحة لأمير المؤمنين عمر بن الخطاب رضي الله عنه :
_bأكثر من ألف أثر صحيح عن حياة عمر بن الخطاب رضي الله عنه /
_cعاطف بن عبد الوهاب حماد.
250 _aالطبعة الأولى.
264 1 _aالرياض :
_bدار الفضيلة،
_c2008
300 _a440 صفحة ؛
_c24 سم
336 _aنص
_btxt
_2rdacontent
_3كتاب
337 _aبدون وسيط
_bn
_2rdamedia
338 _aمجلد
_bnc
_2rdacarrier
504 _aببليوجرافية : صفحة 421-425.
600 0 7 _aعمر بن الخطاب بن نفيل القرشي،
_d40 قبل الهجرة-23 هجري
_2aucnm
650 7 _aالصحابة والتابعون
_vتراجم
_2aucsh
856 _uhttp://saaid.net/book/20/13299.pdf
_yDigital Copy
856 _uhttp://saaid.net/book/open.php?cat=3&book=12925
_yExternal Link
942 _2ddc
_cBOOK
_n0
949 _aSA-JeALM
_d241212
_umohamedma123
_n1
999 _c3504
_d3504